Process systems analysis and control (Record no. 13575)

000 -LEADER
fixed length control field 00578nam a22002051 4500
001 - CONTROL NUMBER
control field 13575
003 - CONTROL NUMBER IDENTIFIER
control field BD-DhUET
008 - FIXED-LENGTH DATA ELEMENTS--GENERAL INFORMATION
fixed length control field 730306s1965 nyua b 000 0 eng
040 ## - CATALOGING SOURCE
Original cataloging agency DLC
Transcribing agency DLC
Modifying agency BD-DhUET
082 ## - DEWEY DECIMAL CLASSIFICATION NUMBER
Classification number 660.284
Item number COU/1965
100 1# - MAIN ENTRY--PERSONAL NAME
Personal name Coughanowr, Donald R.
245 10 - TITLE STATEMENT
Title Process systems analysis and control
250 ## - EDITION STATEMENT
Edition statement 1st ed.
260 ## - PUBLICATION, DISTRIBUTION, ETC. (IMPRINT)
Place of publication, distribution, etc. New York
Name of publisher, distributor, etc. McGraw-Hill
Date of publication, distribution, etc. 1965
300 ## - PHYSICAL DESCRIPTION
Extent xii, 491 p.
Other physical details ill.
Dimensions 21 cm.
490 ## - SERIES STATEMENT
Series statement McGraw-Hill chemical engineering series
650 #0 - SUBJECT ADDED ENTRY--TOPICAL TERM
Topical term or geographic name as entry element Control devices process engineering
700 ## - ADDED ENTRY--PERSONAL NAME
Personal name Koppel, Lowell B.
942 ## - ADDED ENTRY ELEMENTS (KOHA)
Koha item type General Book
Holdings
Koha date last borrowed Source of classification or shelving scheme Koha normalized classification for sorting Koha date last seen Price effective from Lost status Koha issues (times borrowed) Withdrawn status Not for loan Shelving location Sublocation or collection (holding branch) Koha item type Copy number Piece designation (barcode) Location (home branch) Date acquired Koha full call number Damaged status
  660_284000000000000_COU_19652015-03-032015-03-03    Circulation sectionCentral Library, BUETGeneral Book129699Central Library, BUET2015-03-03660.284/COU/1965 
2017-05-09 660_284000000000000_COU_19652017-05-092015-03-03 1  Circulation sectionCentral Library, BUETGeneral Book229689Central Library, BUET2015-03-03660.284/COU/1965 
  660_284000000000000_COU_19652015-03-032015-03-03    Circulation sectionCentral Library, BUETGeneral Book329697Central Library, BUET2015-03-03660.284/COU/1965 
  660_284000000000000_COU_19652015-03-032015-03-03    Circulation sectionCentral Library, BUETGeneral Book429692Central Library, BUET2015-03-03660.284/COU/1965 
  660_284000000000000_COU_19652015-03-032015-03-03    Circulation sectionCentral Library, BUETGeneral Book529698Central Library, BUET2015-03-03660.284/COU/1965 
  660_284000000000000_COU_19652015-03-032015-03-03    Circulation sectionCentral Library, BUETGeneral Book629690Central Library, BUET2015-03-03660.284/COU/1965 
  660_284000000000000_COU_19652015-03-032015-03-03    Cataloging to CirculationCentral Library, BUETGeneral Book729688Central Library, BUET2015-03-03660.284/COU/1965 
  660_284000000000000_COU_19652015-03-042015-03-04    Circulation sectionCentral Library, BUETGeneral Book834519Central Library, BUET2015-03-04660.284/COU/1965 
  660_284000000000000_COU_19652015-05-112015-05-11    Circulation sectionCentral Library, BUETGeneral Book929694Central Library, BUET2015-05-11660.284/COU/1965 
  660_284000000000000_COU_19652015-05-112015-05-11    Circulation sectionCentral Library, BUETGeneral Book1029696Central Library, BUET2015-05-11660.284/COU/1965 
  660_284000000000000_COU_19652015-05-132015-05-13    Circulation sectionCentral Library, BUETGeneral Book1129695Central Library, BUET2015-05-13660.284/COU/1965 
  660_284000000000000_COU_19652015-05-142015-05-14    Circulation sectionCentral Library, BUETGeneral Book1217869Central Library, BUET2015-05-14660.284/COU/1965 
  660_284000000000000_COU_19652015-05-182015-05-18    Circulation sectionCentral Library, BUETGeneral Book1315822Central Library, BUET2015-05-18660.284/COU/1965 
  660_284000000000000_COU_19652015-06-202015-06-20    Reading sectionCentral Library, BUETGeneral Book1429700Central Library, BUET2015-06-20660.284/COU/1965 
  660_284000000000000_COU_19652015-06-202015-06-20    Reading sectionCentral Library, BUETGeneral Book1529701Central Library, BUET2015-06-20660.284/COU/1965 
  660_284000000000000_COU_19652015-07-102015-07-10    Circulation sectionCentral Library, BUETGeneral Book1616716Central Library, BUET2015-07-10660.284/COU/1965